Wholeness : (Record no. 288513)
[ view plain ]
| 000 -LEADER | |
|---|---|
| fixed length control field | 00551nam a22001937a 4500 |
| 003 - CONTROL NUMBER IDENTIFIER | |
| control field | PILC |
| 005 - DATE AND TIME OF LATEST TRANSACTION | |
| control field | 20150826150509.0 |
| 008 - FIXED-LENGTH DATA ELEMENTS--GENERAL INFORMATION | |
| fixed length control field | 150826b xxu||||| |||| 00| 0 eng d |
| 020 ## - INTERNATIONAL STANDARD BOOK NUMBER | |
| International Standard Book Number | 9780891095927 |
| 050 ## - LIBRARY OF CONGRESS CALL NUMBER | |
| Classification number | HQ 2044.P6 |
| Item number | .M536 1989 |
| 100 ## - MAIN ENTRY--PERSONAL NAME | |
| Personal name | Menconi, Peter. |
| 245 ## - TITLE STATEMENT | |
| Title | Wholeness : |
| Remainder of title | putting the pieces / |
| Statement of responsibility, etc | Peter Menconi, Richard Peace & Lyman Coleman. |
| 260 ## - PUBLICATION, DISTRIBUTION, ETC. (IMPRINT) | |
| Name of publisher, distributor, etc | Serendipity House, |
| Date of publication, distribution, etc | 1989. |
| 300 ## - PHYSICAL DESCRIPTION | |
| Extent | 60 pages ; |
| Dimensions | 24 cm. |
| 650 ## - SUBJECT ADDED ENTRY--TOPICAL TERM | |
| Topical term or geographic name as entry element | Lifestyle. |
| 700 ## - ADDED ENTRY--PERSONAL NAME | |
| Personal name | Peace, Richard. |
| 700 ## - ADDED ENTRY--PERSONAL NAME | |
| Personal name | Coleman, Lyman. |
| 942 ## - ADDED ENTRY ELEMENTS (KOHA) | |
| Source of classification or shelving scheme | Library of Congress Classification |
| Koha item type | Books |
| Call number prefix | Foreign |
| Withdrawn status | Lost status | Source of classification or shelving scheme | Damaged status | Home library | Current library | Shelving location | Date acquired | Source of acquisition | Sub Shelving location | Total Checkouts | Full call number | Barcode | Date last seen | Price effective from | Koha item type |
|---|---|---|---|---|---|---|---|---|---|---|---|---|---|---|---|
| Library of Congress Classification | College Library | College Library | General Circulation Section | 08/26/2015 | Donation | HQ 2044.P6 .M536 1989 | C19817 | 05/15/2018 | 08/26/2015 | Books |